000 00229nam a22000857a 4500
008 231124b |||||||| |||| 00| 0 eng d
100 _aWorld Health Organisation
_97724
245 _aSeasonal Communicable Diseases
260 _aNew Delhi
999 _c12465
_d12465